| 000 | 00943cam a22003137a 4500 | ||
|---|---|---|---|
| 003 | CHAP | ||
| 005 | 20220817041426.0 | ||
| 008 | 971013s1968 r 00010 d | ||
| 010 | _a14095 | ||
| 011 | _a15067 | ||
| 035 | _a19141 | ||
| 040 | _cCHAP | ||
| 090 | _aFolleto 6052 | ||
| 100 | 0 | 0 |
_aBeltrán, Enrique. _911476 |
| 245 | 1 | 3 | _aEl ensilado de forrajes al vacío |
| 260 |
_aMadrid : _bMinisterio de Agricultura, _c1968 |
||
| 300 |
_a28 p. _b: ilus. |
||
| 490 | 0 |
_aHojas divulgadoras _v; 3-4/68 |
|
| 590 |
_aBATCH-UPD _b10 _c20130110 _lUCH01 _h0139 |
||
| 590 |
_aBATCH-UPD _b10 _c20130110 _lUCH01 _h1818 |
||
| 590 |
_aBATCH-UPD _b10 _c20130409 _lUCH01 _h2137 |
||
| 590 |
_aBATCH-UPD _b10 _c20130914 _lUCH01 _h0559 |
||
| 590 |
_aCONVERSION _b10 _c20130109 _lUCH01 _h1309 |
||
| 650 | 1 | 4 |
_aEnsilaje. _937102 |
| 830 | 0 |
_aHojas divulgadoras _v; 3-4/68 |
|
| 901 | _aBK | ||
| 942 | _cFOLL | ||
| 949 |
_aFolleto 6052 _bBC _cFOLL _d-44362 _eTS1 _i19141 _si |
||
| 999 |
_c14095 _d14095 |
||